Asomiya : (Record no. 135939)
[ view plain ]
| 000 -LEADER | |
|---|---|
| fixed length control field | 00627nam a22001937a 4500 |
| 005 - DATE AND TIME OF LATEST TRANSACTION | |
| control field | 20181117135713.0 |
| 010 ## - LCCN (DPL NO) | |
| LC control number | B-098840 |
| 020 ## - INTERNATIONAL STANDARD BOOK NUMBER | |
| Terms of availability | 200.00 |
| International Standard Book Number | 8187649429 |
| 035 ## - SYSTEM CONTROL NUMBER | |
| System control number | B-098840, B-098849 B-98852 |
| 037 ## - SOURCE OF ACQUISITION | |
| Source of stock number/acquisition | Cen Lib/Ret |
| 082 ## - DEWEY DECIMAL CLASSIFICATION NUMBER | |
| Classification number | S |
| Item number | ASO |
| 245 ## - TITLE STATEMENT | |
| Title | Asomiya : |
| Remainder of title | handpicked fictions / |
| 260 ## - PUBLICATION, DISTRIBUTION, ETC. (IMPRINT) | |
| Place of publication, distribution, etc | New Delhi |
| Name of publisher, distributor, etc | Katha |
| Date of publication, distribution, etc | 2003 |
| 270 ## - ADDRESS | |
| Address | A-3, Sarvodya Enclave, Sri Aurobindo Marg |
| City | New Delhi |
| Postal code | 110017 |
| 300 ## - PHYSICAL DESCRIPTION | |
| Extent | 198p. |
| Dimensions | 20cm(pbk) |
| 650 ## - SUBJECT ADDED ENTRY--TOPICAL TERM | |
| Topical term or geographic name as entry element | Short stories, Assamese -- Translations into English. |
| 650 ## - SUBJECT ADDED ENTRY--TOPICAL TERM | |
| Topical term or geographic name as entry element | Assamese fiction -- 20th century -- Translations into English. |
| 942 ## - ADDED ENTRY ELEMENTS (KOHA) | |
| Source of classification or shelving scheme | Dewey Decimal Classification |
| Item type | English Books |
| Classification part | S |
| Call number suffix | ASO |
| Withdrawn status | Lost status | Not for loan | Home library | Current library | Date acquired | Source of acquisition | Cost, normal purchase price | Full call number | Barcode | Copy number | Cost, replacement price | Koha item type | Collection code |
|---|---|---|---|---|---|---|---|---|---|---|---|---|---|
| Central Library | Central Library | 10/10/2015 | Cen Lib/Ret | 200.00 | S ASO | B-098840 | 1 | 200.00 | English Books | ||||
| R.C.Libraries (zls) | R.C.Libraries (zls) | 17/11/2018 | 200.00 | S ASO | B-098852 | 200.00 | English Books | Fiction | |||||
| Sarojini Nagar | Sarojini Nagar | 29/01/2019 | S ASO | B-098842 | English Books | Fiction | |||||||
| Shahdara Branch | Shahdara Branch | 18/07/2018 | BPPD/PUB | 200.00 | S ASO | B-098849 | 200.00 | English Books | Fiction |
